000 00539nmm a2200157Ia 4500
008 251105s9999||||xx |||||||||||||||||und||
020 _a9789562848336
041 _aspa
100 _aMancilla, Sergio
245 0 _aDe la globalización a la regionalización. :
_b Cuando el precio del petróleo alcance los US
_ 1000 el barril
264 _a[Santiago de Chile, Chile] :
_bRil editores,
_c2012
300 _a114 páginas
650 _aPolitical Science (General)
856 _uhttps://public.digitaliapublishing.com/a/18692
942 _cCF
999 _c94539
_d94539